000 00307nam a22001337a 4500
008 190129b xxu||||| |||| 00| 0 eng d
020 _a9780195166064
041 _aeng
080 _22nd
_a159.9
100 _a48
101 _aPSI
245 _aPsychologists Desk Reference
_cKoocher,G.P
942 _2udc
_cBK
999 _c53849
_d53849